[Event "Est ch 2020 U16"]
[Site "Narva"]
[Date "2020.03.01"]
[Round "7.15"]
[White "Desjatnikov, Svetoslav"]
[Black "Nazarov, Vladislav"]
[Result "0-1"]
[WhiteElo "1108"]
[BlackElo "1546"]
[PlyCount "122"]
[EventDate "2020.02.27"]
[EventCountry "EST"]
[SourceVersionDate "2020.03.16"]

1. e4 c5 2. Nf3 Nc6 3. c3 d5 4. d3 dxe4 5. dxe4 Qxd1+ 6. Kxd1 Nf6 7. Nbd2 Bg4
8. Ke1 Bxf3 9. gxf3 O-O-O 10. Nc4 h6 11. e5 Nd5 12. Be3 e6 13. Rd1 b5 14. Nd2
a6 15. f4 f5 16. Bg2 Na5 17. Bxd5 Rxd5 18. b4 cxb4 19. cxb4 Bxb4 20. Ke2 Bxd2
21. Bxd2 Nc4 22. Rhg1 Nxd2 23. Rxd2 Rxd2+ 24. Kxd2 Rd8+ 25. Ke3 Rd7 26. Rg6 Re7
27. Kd4 Kd7 28. Kc5 Ke8 29. Kb6 Kf7 30. Rg3 Rd7 31. Kxa6 Rd2 32. Rf3 Rxa2+ 33.
Kxb5 Rc2 34. Kb4 g5 35. Kb3 Re2 36. Kc3 g4 37. Rg3 Rxf2 38. h3 Rxf4 39. hxg4
Rxg4 40. Rh3 Kg6 41. Kd2 h5 42. Ke2 Re4+ 43. Re3 Rxe3+ 44. Kxe3 Kg5 45. Kf3 f4
46. Kf2 Kf5 47. Kf3 Kxe5 48. Kg2 Ke4 49. Kf2 h4 50. Kf1 Ke3 51. Kg1 h3 52. Kh1
Kf2 53. Kh2 f3 54. Kxh3 Ke2 55. Kh2 f2 56. Kg3 f1=Q 57. Kh2 Qf8 58. Kg3 Qf3+
59. Kh2 Qg4 60. Kh1 Kf2 61. Kh2 Qh4# 0-1

[Event "Est ch 2020 U16"]
[Site "Narva"]
[Date "2020.03.01"]
[Round "8.1"]
[White "Raag, Ardi"]
[Black "Pedoson, Georg Aleksander"]
[Result "0-1"]
[WhiteElo "1774"]
[BlackElo "2160"]
[PlyCount "64"]
[EventDate "2020.02.27"]
[EventCountry "EST"]
[SourceVersionDate "2020.03.16"]

1. e4 d5 2. exd5 Qxd5 3. Nc3 Qd6 4. d4 Nf6 5. Nf3 a6 6. Be3 g6 7. Bd3 Bg7 8.
O-O O-O 9. h3 Nc6 10. Ne2 Nb4 11. Bc4 b5 12. Bb3 Bb7 13. Ng3 Nbd5 14. Bd2 c5
15. c3 cxd4 16. cxd4 e6 17. Ne5 Ne7 18. Bf4 Nfd5 19. Ne4 Qd8 20. Bh2 Nb6 21.
Nc5 Bd5 22. Bxd5 Qxd5 23. Nf3 Nc6 24. Nb3 Nc4 25. Qe2 a5 26. a4 bxa4 27. Rxa4
Nb6 28. Ra3 a4 29. Nc1 Nxd4 30. Nxd4 Qxd4 31. Nd3 Nc4 32. Ra2 Rfd8 0-1

[Event "Est ch 2020 U16"]
[Site "Narva"]
[Date "2020.03.01"]
[Round "8.2"]
[White "Pedmanson, Albert"]
[Black "Rytshagov, Nikita"]
[Result "1-0"]
[WhiteElo "1736"]
[BlackElo "1837"]
[PlyCount "187"]
[EventDate "2020.02.27"]
[EventCountry "EST"]
[SourceVersionDate "2020.03.16"]

1. g4 e5 2. Bg2 d5 3. h3 c5 ({Must peaks valge oda tulejõudu tõkestama -} 
3... c6) 4. c4 d4 5. d3 Nc6 6. Nd2 Nf6 (6... h5) 7. Ne4 Nxe4 8. Bxe4 Be7 9. Nf3
Be6 (9... Qc7) 10. Bxc6+ bxc6 11. Nxe5 Qc7 12. Nf3 h5 (12... O-O {[%cal Rf7f5]}
) 13. g5 g6 14. Bd2 O-O 15. Qc1 a5 ({Valge plaane pidi takistama -} 15... Bd6)
16. Bf4 Qc8 17. h4 Re8 18. Nd2 {Ratsu siirdumise järel e4-le, kus seda
hakkavad kaitsma 2 etturit, võtab mustalt igasuguse mängu ära. Valge saab
suure paremuse.} Bf5 19. f3 Qe6 20. Ne4 a4 21. Kf2 ({paremuse säilitas
kuninga evakureerimine liputiivale.} 21. Qd2 {[%cal Re1c1,Ra1d1]} Bxe4 22. fxe4
Bd6 23. O-O-O Rab8 24. Kb1 Rb7 25. Bxd6 Qxd6 26. Ka1 Reb8 27. Rb1 {[%cal Rh1f1,
Rd2f4]}) 21... Bxe4 22. dxe4 Rad8 23. Qc2 Bd6 24. Bxd6 Rxd6 25. Qxa4 d3 26.
exd3 Rxd3 27. Qc2 Rd4 ({Viigi tõi} 27... Red8 28. Rad1 Rxf3+ 29. Kxf3 Qg4+ 30.
Kf2 Qf4+) 28. b3 Red8 ({Valge kuninga avatud asendit sai kasutada, ent
tegutsema pidi energiliselt.} 28... Qe5 29. Rad1 (29. Kg2 Red8 30. Rad1 Qf4 31.
Rxd4 Rxd4 32. Rd1 Qxh4) 29... Rxe4 30. fxe4 Qf4+ 31. Kg1 (31. Ke2 Rxe4+ 32.
Qxe4 Qxe4+ 33. Kd2 Qg2+ 34. Kc3 Qxa2 35. Rhe1 Kg7 36. Re8 Qa3 37. Rdd8 Qc1+ 38.
Kd3 Qd1+) 31... Qg4+) 29. Rad1 Qe5 30. Rxd4 Qxd4+ (30... Rxd4 31. Ke2 (31. Kg2
Qd6) 31... Qf4 32. a4 Kh7 33. Rh3 (33. a5 Qc7 34. Qa2 Qf4 35. Rf1 Qh2+ 36. Rf2
Qh1) 33... f6 34. gxf6 Qxf6 {järel pole veel midagi selge.}) 31. Kg2 Kh7 32.
a4 (32. Qf2 Qe5 33. Re1 Rd3 34. Re2) 32... Qd6 33. a5 (33. Qc3 Qf4 34. Qf6 Rd2+
35. Kh3 Qc7 36. e5) 33... Qf4 34. Rd1 Ra8 (34... Qxh4 35. Rxd8 Qxg5+ 36. Kf1
Qxd8) 35. Qd2 Qe5 (35... Qxh4 36. Rh1) 36. Qd7 Kg7 37. Qxc6 Rxa5 38. Qf6+ Qxf6
39. gxf6+ Kxf6 40. Rd5 Ra3 41. Rxc5 Rxb3 42. Kg3 Rc3 43. Kf4 Ke6 44. Rc7 f6 45.
Rg7 Rxc4 46. Rxg6 Rc5 47. Rg7 Ra5 48. Rh7 Rb5 49. Kg3 Ra5 50. Kf2 Ra2+ 51. Ke3
Ra3+ 52. Kf4 Ra5 53. Rb7 Rc5 54. Rb6+ Kf7 55. Rd6 Kg6 56. Rd5 Rc6 57. Rd7 Ra6
58. Rc7 Rb6 59. Ke3 Rb3+ 60. Kf4 Rb5 61. Rc6 Ra5 62. Rd6 Rb5 63. Ke3 Rb3+ 64.
Kf2 Rb2+ 65. Kg3 Rb5 66. f4 Rb3+ 67. Kf2 Kf7 68. Rd7+ Ke6 ({Parem oli} 68...
Kg6 69. f5+ Kh6 {ja} 70. Rf7 {peale tuleb} Rf3+ 71. Kxf3 {patt!}) 69. Rh7 Rb4
70. Ke3 Rb3+ 71. Kd4 Rb4+ 72. Kd3 Rb3+ 73. Kc4 Rf3 74. f5+ Ke5 75. Re7+ Kf4 76.
Kd5 Rd3+ (76... Ra3 77. Rc7 Ra5+ (77... Ra6 78. Rc1 Ra8 (78... Kg4 79. Rc6 Ra5+
80. Ke6 Ra4 81. Kxf6 Rxe4 82. Kg6 Kxh4 83. f6 Kg4 84. f7 Rf4 85. Rf6) 79. Rf1+
Kg3 80. Ke6 Ra6+ 81. Kf7 Kxh4 82. Kg6 Kg4 83. Rg1+ Kf4 84. Rh1 Kxe4 85. Rxh5
Ke5 86. Rh8 Rb6 87. Re8+ Kd5 (87... Kf4 88. Re6) 88. Kf7 {[%cal Re8e6]}) 78.
Ke6 Kxe4 79. Rc4+) 77. Ke6 Kxe4 78. Kxf6+ Kf4 79. Ra7 Rd4 80. Kg6 Kg4 81. f6
Kxh4 82. f7 ({Kergesti võitis} 82. Ra5 Rg4+ 83. Kh6 Rf4 84. Rxh5+ Kg4 85. Rg5+
Kf3 86. Kg6) 82... Rd6+ 83. Kg7 Rd8 84. f8=Q {Huvitaval kombel laseb see
võidu käest. Õige meetod meenutab ühte Kerese etüüdi} (84. Kf6 Kg4 85.
Ra4+ Kg3 86. Kg5 Rf8 (86... Rd5+ 87. Kg6) 87. Ra3+ Kg2 88. Ra7 Rh8 89. Re7 h4
90. Re8) (84. Kg6 Rd6+ 85. Kf5 Rd8 86. Ra4+ Kg3 87. Kg5 Rd5+ 88. Kg6 Rd6+ 89.
Kxh5 Rf6 90. Ra7 Kf4 91. Rb7 Ke5 92. Kg5 Rf3 93. Kg6) 84... Rxf8 85. Kxf8 Kg3
86. Rg7+ Kf3 87. Rh7 Kg4 88. Rg7+ {Siin valgel enam võitu pole, muidugi kui
must ei lähe kuningaga valele poole... aga justnimelt nii juhtuski.} Kh3 (
88... Kf3 89. Rh7 Kg4 90. Kf7 h4 91. Kf6 h3 92. Ke5 Kg3 93. Ke4 Kg2 94. Ke3 h2
95. Rg7+ Kf1 96. Rh7 Kg2) 89. Kf7 h4 90. Kf6 Kh2 91. Kf5 h3 92. Kf4 Kh1 93. Kf3
Kh2 94. Rg3 1-0

[Event "Est ch 2020 U16"]
[Site "Narva"]
[Date "2020.03.01"]
[Round "8.4"]
[White "Kull, Tormi"]
[Black "Aga, Rihard"]
[Result "1-0"]
[WhiteElo "1523"]
[BlackElo "2054"]
[PlyCount "180"]
[EventDate "2020.02.27"]
[EventCountry "EST"]
[SourceVersionDate "2020.03.16"]

1. d4 Nf6 2. c4 g6 3. Nc3 d5 4. cxd5 Nxd5 5. e4 Nxc3 6. bxc3 Bg7 7. Be3 c5 8.
Bc4 Nc6 9. Ne2 O-O 10. O-O Qc7 11. Qc1 cxd4 12. cxd4 Rd8 13. Rb1 e6 14. Rd1 Bd7
15. Bb5 Rac8 16. d5 exd5 17. exd5 Ne5 18. Qxc7 Rxc7 19. Bxa7 Bxb5 20. Rxb5 Rc2
21. Ng3 Rd7 (21... Rxa2 22. Rxb7 f5) 22. a4 Rc4 23. a5 Nc6 24. Bb6 Nb4 25. Nf1
Na2 26. Ne3 Rc8 27. Rc5 Rxc5 28. Bxc5 Nc3 29. Rd3 Ne2+ 30. Kf1 Nf4 31. Rd1 f5
32. g3 Nh5 33. d6 Nf6 34. f3 Bf8 35. Nc4 Ne8 36. Ke2 Rd8 37. Rd3 Nf6 38. Nb6
Nd7 39. Nxd7 Rxd7 40. f4 Kf7 41. Rd5 Bg7 42. Kd3 Ke6 43. Kc4 Bf6 44. Rd1 Bd8
45. Re1+ Kf7 46. Bb4 Bxa5 (46... h5 47. Kd5 h4 48. a6 bxa6 49. Kc6 Ra7 50. Bc5
Ra8 51. Kb7) 47. Bxa5 Rxd6 48. Re2 h6 49. Bb4 Rd7 50. Bc3 Rc7+ 51. Kb4 Rc6 52.
Be5 Rc1 53. Rd2 Rb1+ 54. Kc5 g5 55. Rd6 Rc1+ 56. Kb6 Rb1+ 57. Kc7 gxf4 58. Bxf4
h5 59. Rb6 Rh1 60. h4 Ra1 61. Rxb7 Ke6 62. Rb6+ Kd5 63. Rh6 Ra7+ 64. Kb6 Rf7
65. Rxh5 Rf6+ 66. Kb5 Ke4 67. Kc5 Rf8 68. Rh6 Rc8+ 69. Rc6 Ra8 70. Kd6 Kf3 71.
Rc5 Kg4 72. Ke6 Re8+ 73. Kf7 Ra8 74. Rc6 Ra7+ 75. Kg6 Ra8 76. Rf6 Rg8+ 77. Kh7
Ra8 78. Rg6+ Kf3 79. h5 Ra7+ 80. Rg7 Ra6 81. h6 Re6 82. Rf7 Kg4 83. Kg7 Re8 84.
h7 Kh5 85. h8=Q+ Rxh8 86. Kxh8 Kg6 87. Rg7+ Kf6 88. Kh7 Ke6 89. Kg6 Kd5 90.
Kxf5 Kd4 1-0

[Event "Est ch 2020 U16"]
[Site "Narva"]
[Date "2020.03.01"]
[Round "8.5"]
[White "Andrijashkin, Deniss"]
[Black "Sadekov, Maksim"]
[Result "0-1"]
[WhiteElo "1946"]
[BlackElo "1664"]
[PlyCount "88"]
[EventDate "2020.02.27"]
[EventCountry "EST"]
[SourceVersionDate "2020.03.16"]

1. g3 e6 2. Bg2 Nf6 3. Nf3 d5 4. O-O Be7 5. d3 O-O 6. Nbd2 b6 7. e4 c6 8. e5
Nfd7 9. Re1 c5 10. Nf1 Nc6 11. h4 Qc7 12. Bf4 Bb7 13. N1h2 Rfd8 14. Ng4 Bf8 15.
Qd2 h5 16. Ngh2 Ne7 17. g4 hxg4 18. Nxg4 Ng6 19. Bg3 d4 20. Ng5 Bxg2 21. Kxg2
Qc6+ 22. f3 Ne7 23. h5 Nf5 24. h6 gxh6 25. Ne4 Bg7 26. Rh1 Kf8 27. Qf2 c4 28.
Bf4 Ke7 29. Nxh6 Bxh6 30. Rxh6 Rg8+ 31. Kh2 Kd8 32. Rh5 Kc7 33. Nd6 Rh8 34.
Rxh8 Rxh8+ 35. Kg1 Rg8+ 36. Kf1 Nxd6 37. exd6+ Kb7 38. Re1 cxd3 39. cxd3 Qd5
40. Rc1 Nc5 41. b4 Nxd3 42. Rc7+ Kb8 43. Rc8+ Kxc8 44. Qc2+ Nc5 0-1

[Event "Est ch 2020 U16"]
[Site "Narva"]
[Date "2020.03.01"]
[Round "8.6"]
[White "Pedmanson, Herman"]
[Black "Olde, Karl Erik"]
[Result "1/2-1/2"]
[WhiteElo "1741"]
[BlackElo "1752"]
[PlyCount "129"]
[EventDate "2020.02.27"]
[EventCountry "EST"]
[SourceVersionDate "2020.03.16"]

1. d4 d5 2. Nf3 Nf6 3. Bf4 e6 4. e3 Bd6 5. Bg3 c5 6. c3 O-O 7. Bd3 b6 8. Nbd2
Bb7 9. Bh4 Nbd7 10. O-O Qc7 11. Qc2 h6 12. Rac1 Rac8 13. Bg3 Bxg3 14. hxg3 e5
15. dxe5 Nxe5 16. Nxe5 Qxe5 17. Nf3 Qe7 18. Rcd1 g6 19. Qa4 a6 20. Bb1 Rfd8 21.
Rfe1 Qc7 22. Qh4 Kg7 23. g4 Rh8 24. c4 {Egas midagi. Passiivsus võinuks viia
katastroofile.} ({Näiteks} 24. Nd2 g5 25. Qh3 h5 26. gxh5 Rxh5 27. Qg3 Rch8
28. f4 d4 29. cxd4 cxd4 30. exd4 Qxf4 31. Qxf4 gxf4 {[%cal Rf6g4,Rh5h1]}) 24...
dxc4 25. e4 h5 26. e5 Nxg4 27. e6 ({Võimalik oli löök} 27. Bxg6 {ja must
peab end täpselt kaitsma} Bxf3 (27... fxg6 28. e6 Bc6 29. Rd7+ Bxd7 30. Qe7+
Kh6 31. Qg5+ Kg7 32. Qe7+) (27... Kxg6 28. Qg5+ Kh7 29. Qf5+ Kg7 30. Rd7) 28.
gxf3 Nxe5 29. Be4 Rh6 30. Rd5 Ng6 31. Bxg6 Rxg6+ 32. Kf1 Qc6 33. Rxh5 Qf6 34.
Qh3 Rd8 35. Ree5) 27... Rcd8 28. Rxd8 ({Õige oli} 28. Bxg6 $1 Bxf3 $1 (28...
fxg6 $4 29. Rd7+ Rxd7 30. exd7 Bxf3 31. Re8) 29. gxf3 Rxd1 30. Rxd1 Kxg6 31.
fxg4 fxe6 32. Kf1 Qf4 33. gxh5+ Kf5 34. Qh3+) 28... Rxd8 ({Võitis} 28... Qxd8
29. Qxd8 (29. e7 Qd7 30. Qg5 Bxf3 31. gxf3 Nf6) 29... Rxd8 30. Ng5 Nh6 31. exf7
Rd6 (31... Nxf7 32. Ne6+) 32. Re7 Bd5) 29. exf7 Bxf3 30. gxf3 ({Esimese hooga
võib tunduda, et väga tugev on} 30. f8=Q+ Kxf8 31. gxf3 {kuid mingi ime
läbi mustal on täiesti piisav kaitse} Ne5 32. Qf6+ (32. Rxe5 Rd1+ 33. Kg2
Qxe5) 32... Nf7 33. Bxg6 Rd6 34. Qf5 h4 35. Qe4 Qd7) 30... Nf6 31. Qg5 Qxf7 32.
Bxg6 Rd5 33. Bf5+ Kf8 34. Qf4 ({Rünnakut sai jätkata vaikse käiguga} 34. Kh1
{ja mustale pole head kaitset} Qg7 (34... b5 35. Qh6+ Qg7 36. Qf4 Qf7 37. Re6)
(34... Ng8 35. Rg1 Rd6 (35... Rxf5 36. Qd8+ Qe8 37. Rxg8+) 36. Qf4 Re6 37. Qg3
Re7 (37... Re2 38. Bg6 Qf6 39. Qb8+ Kg7 40. Bf5+) 38. Bg6 Qf6 39. Qb8+) 35. Qf4
Rd8 36. Bh3 Qf7 37. Rg1) 34... Nd7 ({Nüüd oli võidujätk mustal} 34... Ne8
$3 35. Qh6+ Qg7+) 35. Qh6+ (35. Qc7 {järel oleks taas valge peal}) 35... Qg7+
36. Qxg7+ Kxg7 37. Re7+ Kf6 {viik. Võitlus võinuks veel jätkuda.. mustal on
tänu aktiivsele kuningale paremad lootused.} 38. Rxd7 Rxf5 39. Rd6+ Ke5 40.
Rxb6 Rf6 (40... Kd4 41. Rxa6 c3 42. bxc3+ Kxc3 {ning siin on ainus tee} 43.
Ra3+ (43. Ra5 Kb4) 43... Kb2 (43... Kb4 44. Rb3+ Ka4 45. Rc3) (43... Kd4 44.
Kf1 c4 45. Ke2 h4 46. f4 Rxf4 47. Rh3) 44. Ra5 Rd5 45. f4 Rd1+ 46. Kg2 c4 47.
Rxh5 c3 48. Rb5+ Kxa2 49. Rc5 Kb2 50. Kf3 c2 51. Ke4 c1=Q 52. Rxc1 Rxc1 53. f5
Kc3 54. f6) 41. Rxf6 Kxf6 42. Kg2 Ke5 (42... Kf5 43. Kg3 a5 44. Kh4 Kf4 45.
Kxh5 Kxf3 46. Kg5 Kxf2 47. Kf4 Ke2 48. Ke4 Kd2 49. Kd5 Kc2 50. Kxc5 Kxb2 51.
Kxc4 Kxa2 52. Kb5) 43. Kg3 Kd4 44. Kh4 Kd3 45. f4 Kc2 46. b3 c3 47. f5 Kb2 48.
f6 c2 49. f7 c1=Q 50. f8=Q Qh1+ 51. Kg5 Qd5+ 52. Kh4 Kxa2 53. f4 Qd1 54. Qc8
Kxb3 55. Qb7+ Kc3 56. Qg2 c4 57. f5 Qd4+ 58. Kxh5 Qh8+ 59. Kg4 Qg7+ 60. Kf3
Qxg2+ 61. Kxg2 Kb3 62. f6 c3 63. f7 c2 64. f8=Q c1=Q 65. Qb8+ 1/2-1/2

[Event "Est ch 2020 U16"]
[Site "Narva"]
[Date "2020.03.01"]
[Round "8.7"]
[White "Rikas, Artur"]
[Black "Mikko, Rondo"]
[Result "0-1"]
[WhiteElo "1566"]
[BlackElo "1542"]
[PlyCount "58"]
[EventDate "2020.02.27"]
[EventCountry "EST"]
[SourceVersionDate "2020.03.16"]

1. e4 d6 2. d4 g6 3. Nc3 Bg7 4. Bg5 Nd7 5. Qd2 c5 6. d5 a6 7. f4 Ngf6 8. Nf3
O-O 9. h3 b5 10. Qe3 Bb7 11. Be2 Qa5 12. O-O Rfe8 13. Nd1 e6 14. Qd3 Nxe4 15.
c4 exd5 16. cxd5 c4 17. Qc2 Qb6+ 18. Kh2 Bxd5 19. Nc3 Nxc3 20. bxc3 Be4 21. Qd2
Nc5 22. Nd4 Ne6 23. f5 Nxd4 24. cxd4 Bxf5 25. Rf4 c3 26. Qd1 Rac8 27. Rc1 Re4
28. Rxf5 gxf5 29. Qf1 Qxd4 0-1

[Event "Est ch 2020 U16"]
[Site "Narva"]
[Date "2020.03.01"]
[Round "8.8"]
[White "Snitsarenko, Igor"]
[Black "Shnurov, Daniil"]
[Result "1-0"]
[WhiteElo "1602"]
[BlackElo "1558"]
[PlyCount "63"]
[EventDate "2020.02.27"]
[EventCountry "EST"]
[SourceVersionDate "2020.03.16"]

1. e4 c6 2. d4 d5 3. e5 Bf5 4. h4 h5 5. Bd3 Bxd3 6. Qxd3 e6 7. Nf3 c5 8. c3 Nc6
9. O-O Nge7 10. Bg5 Qc7 11. Na3 a6 12. Nc2 Nf5 (12... Ng6) 13. Ne3 {
Tähelepanuväärne manööver. Must avab ettevaatamatult f-liini ning langeb
firmsa rünnaku alla.} Nxe3 14. fxe3 Be7 15. Bxe7 Nxe7 16. Ng5 Nf5 17. Rxf5 $1
{Kvaliteediohver on täiesti korrektne.} exf5 18. Qxf5 Qd7 (18... Qe7 19. Rf1
Rf8 20. e4 {võimsa rünnakuga.}) 19. e6 fxe6 20. Qg6+ Ke7 (20... Kd8 21. Nxe6+
(21. Rf1) 21... Ke7 22. Rf1 Qxe6 23. Qxg7+ Kd6 24. Rf6) 21. Qxg7+ Kd6 22. Nf7+
Kc7 23. Qe5+ Kb6 24. Nxh8 Rg8 25. Rf1 Ka7 26. Nf7 Qb5 27. dxc5 Qxb2 28. Ng5
Qxa2 29. Qxe6 Rb8 30. Qb6+ Ka8 31. Rb1 Qa4 32. Ne6 1-0

[Event "Est ch 2020 U16"]
[Site "Narva"]
[Date "2020.03.01"]
[Round "8.9"]
[White "Luik, Ott-Robert"]
[Black "Tõnisson, Trent Asso"]
[Result "0-1"]
[WhiteElo "1149"]
[BlackElo "1580"]
[PlyCount "66"]
[EventDate "2020.02.27"]
[EventCountry "EST"]
[SourceVersionDate "2020.03.16"]

1. e4 c5 2. Nf3 Nc6 3. d4 cxd4 4. Nxd4 e5 5. Nf3 Nf6 6. Bc4 Be7 7. Nc3 O-O 8.
O-O d6 9. Nd5 Nxe4 10. Nxe7+ Qxe7 11. Re1 Nf6 12. Bg5 Be6 13. Bd5 Bxd5 14. Bxf6
Qxf6 15. Qxd5 Rfd8 16. c3 Rd7 17. b4 Rc8 18. b5 Ne7 19. Qd3 Rdc7 20. Rac1 Ng6
21. c4 Nf4 22. Qe4 Qg6 23. Qxg6 hxg6 24. Re4 f5 25. Re3 Rxc4 26. Rxc4 Rxc4 27.
g3 Rc1+ 28. Re1 Rxe1+ 29. Nxe1 Ne2+ 30. Kg2 Nc3 31. a3 Nxb5 32. a4 Nc3 33. a5
Kf7 0-1

[Event "Est ch 2020 U16"]
[Site "Narva"]
[Date "2020.03.01"]
[Round "8.10"]
[White "Padari, Tuudur Jakob"]
[Black "Makarov, Gleb"]
[Result "1/2-1/2"]
[WhiteElo "1256"]
[BlackElo "1275"]
[PlyCount "42"]
[EventDate "2020.02.27"]
[EventCountry "EST"]
[SourceVersionDate "2020.03.16"]

1. Nf3 d5 2. c4 c6 3. d4 Bf5 4. Nc3 Nf6 5. e3 e6 6. Be2 Nbd7 7. O-O Bd6 8. b3
O-O 9. Bb2 Bg6 10. Rc1 Ne4 11. Nxe4 Bxe4 12. Nd2 Nf6 13. Bf3 Rc8 14. Bxe4 Nxe4
15. Nxe4 dxe4 16. g3 Qe7 17. Qc2 f5 18. Qe2 Ba3 19. c5 Bxb2 20. Qxb2 Rfe8 21.
Rfd1 Qf6 1/2-1/2

[Event "Est ch 2020 U16"]
[Site "Narva"]
[Date "2020.03.01"]
[Round "8.11"]
[White "Nazarov, Vladislav"]
[Black "Pallum, Rasmus"]
[Result "1/2-1/2"]
[WhiteElo "1546"]
[BlackElo "1159"]
[PlyCount "38"]
[EventDate "2020.02.27"]
[EventCountry "EST"]
[SourceVersionDate "2020.03.16"]

1. c4 e5 2. Nc3 Nc6 3. e4 g6 4. g3 Bg7 5. Bg2 Nge7 6. Nge2 O-O 7. O-O d6 8. d3
f5 9. Rb1 fxe4 10. Nxe4 Nf5 11. Bg5 Qe8 12. N2c3 Be6 13. Nb5 Qd7 14. Bc1 a6 15.
Nbc3 Nfd4 16. Ng5 Rab8 17. Nxe6 Nxe6 18. Be3 Ncd4 19. Ne4 Nf5 1/2-1/2

[Event "Est ch 2020 U16"]
[Site "Narva"]
[Date "2020.03.01"]
[Round "8.12"]
[White "Lazojev, Mark"]
[Black "Mertins, Ostap"]
[Result "1/2-1/2"]
[WhiteElo "1171"]
[BlackElo "1375"]
[PlyCount "48"]
[EventDate "2020.02.27"]
[EventCountry "EST"]
[SourceVersionDate "2020.03.16"]

1. c4 Nf6 2. Nc3 e6 3. g3 d5 4. cxd5 Nxd5 5. Bg2 c6 6. d4 Bb4 7. Bd2 O-O 8.
Nxd5 Bxd2+ 9. Qxd2 cxd5 10. Nf3 Nc6 11. O-O Bd7 12. Rfc1 Rc8 13. Rab1 Qe7 14.
e3 a6 15. a3 b5 16. b4 f6 17. Ne1 Nd8 18. Rxc8 Bxc8 19. Rc1 Nb7 20. Qc3 Bd7 21.
Qb3 Nd6 22. Nd3 Nc4 23. Nc5 Qd6 24. f4 Bc8 1/2-1/2

[Event "Est ch 2020 U16"]
[Site "Narva"]
[Date "2020.03.01"]
[Round "8.13"]
[White "Rodin, Robert"]
[Black "Pomaznjov, Aleksei"]
[Result "0-1"]
[WhiteElo "1178"]
[BlackElo "1179"]
[PlyCount "46"]
[EventDate "2020.02.27"]
[EventCountry "EST"]
[SourceVersionDate "2020.03.16"]

1. e4 c5 2. c3 Nf6 3. e5 Nd5 4. d4 Nc6 5. Nf3 e6 6. Bb5 cxd4 7. cxd4 Qa5+ 8.
Nc3 Nxc3 9. bxc3 Qxb5 10. Be3 Be7 11. a4 Qd5 12. Qd3 b6 13. Bd2 Bb7 14. c4 Nb4
15. Qb3 Qe4+ 16. Kf1 Nc2 17. Rb1 Nxd4 18. Nxd4 Qxd4 19. Be3 Qe4 20. Rg1 O-O 21.
a5 Bc6 22. f3 Qxe5 23. axb6 axb6 0-1

[Event "Est ch 2020 U16"]
[Site "Narva"]
[Date "2020.03.01"]
[Round "8.14"]
[White "Naestema, Joonas Aditya"]
[Black "Karis, Fredi"]
[Result "1-0"]
[WhiteElo "1341"]
[BlackElo "1013"]
[PlyCount "103"]
[EventDate "2020.02.27"]
[EventCountry "EST"]
[SourceVersionDate "2020.03.16"]

1. d4 c5 2. Nf3 Nc6 3. e4 cxd4 4. Nxd4 Nf6 5. Nc3 e5 6. Ndb5 d6 7. Bg5 a6 8.
Na3 b5 9. Nd5 Be7 10. Nxe7 Qxe7 11. Bd3 h6 12. Bh4 Bb7 13. c3 Rd8 14. O-O g5
15. Bg3 h5 16. f3 Bc8 17. Nc2 g4 18. Bh4 gxf3 19. Qxf3 Qa7+ 20. Kh1 Ng4 21.
Bxd8 Nxd8 22. h3 Ne6 23. a4 Nf4 24. Be2 f5 25. Bd3 Ke7 26. exf5 Bb7 27. Be4
Bxe4 28. Qxe4 Nf2+ 29. Rxf2 Qxf2 30. Ne3 Rf8 31. Rf1 Qxb2 32. Rxf4 bxa4 33. f6+
Ke8 34. Qc6+ Kd8 35. Qxd6+ Kc8 36. Rc4+ Kb7 37. Rb4+ Qxb4 38. Qxb4+ Kc7 39.
Qxf8 Kb6 40. Nc4+ Kb5 41. Qb4+ Kc6 42. Nxe5+ Kd5 43. f7 Kxe5 44. f8=R a3 45.
Qd4+ Ke6 46. Re8+ Kf7 47. Qd7+ Kg6 48. Rg8+ Kf6 49. Rf8+ Kg6 50. Qf7+ Kg5 51.
Rg8+ Kh6 52. Qg6# 1-0